00560cam a2200169 a 4500008004100000020002200041100002100063245009200084260005600176300003400232500002000266650005600286700002100342003000100363005001700364040000900381  a0198557205 (pbk.)1 aKegley, Susan E.10aProblems and solutions in organometallic chemistry /cSusan E. Kegley, Allan R. Pinhas. aMill Valley, Calif. :bUniversity Science,c[1987?] axii, 323 p. :bill. ;c28 cm. aIncludes index. 0aOrganometallic compoundsxProblems, exercises, etc.1 aPinhas, Allan R.20230123134111.0 cNUST